Logo des marques de Moto - Statistiques

Statistiques générales
  • Ce quiz a été pris 1 758 fois
  • Le résultat moyen est 13 sur 50
Statistiques - réponses
Par images Réponse % Correct
BMW
98%
Yamaha
97%
Honda
96%
Suzuki
96%
KTM
94%
Ducati
84%
Harley-Davidson
79%
Kawasaki
76%
Aprilia
74%
Triumph
68%
Husqvarna
55%
MV Agusta
50%
Indian
39%
Moto Guzzi
28%
Bêta
25%
TM
21%
Gasgas
20%
Sherco
19%
CF Moto
18%
Fantic
16%
Royal Enfield
16%
Bimota
14%
Rieju
14%
Buell
11%
Mash
10%
Motobécane
10%
Norton
9%
Zontes
9%
Moto Morini
6%
Voxan
6%
QJ Motor
5%
BSA
4%
Kove
4%
FB Mondial
3%
Laverda
3%
Peugeot motorcycles
3%
Jawa
2%
Orcal
2%
Terrot
2%
Zero motorcycles
2%
Avinton
1%
Brough Supérior
1%
Hyosung
1%
Matchless
1%
Midual
1%
Morbidelli
1%
SWM
1%
The Vincent
1%
Ural
1%
Confederate
0%
Aucun quiz correspondant
Distribution des résultats
% des personnes avec chaque résultat
Percentile par nombre de réponses
Votre historique - résultats
Vous n’avez pas pris ce quiz